[Event "AUTO-INT-3451"]
[Site "http://www.queenalice.com/game.php?id=1578499"]
[Date "2019.7.25"]
[Round "1"]
[White "APSHOOTER"]
[Black "ktk"]
[Result "0-1"]
[WhiteElo "1707"]
[BlackElo "1651"]

1. e4 c5 2. Bc4 Nc6 3. Nf3 d6 4. h3 Nf6 5. Nc3 e5 6. Nd5 Nxe4 7. d3 Nf6 8. Nxf6+
Qxf6 9. Bd2 h6 10. Qe2 Be7 11. a3 O-O 12. O-O-O Bf5 13. g4 Bd7 14. Bd5 Nd4 15.
Nxd4 cxd4 16. Rdf1 Rab8 17. f4 Bc6 18. fxe5 Qxe5 19. Qxe5 dxe5 20. Bxc6 bxc6 21.
Re1 Bd6 22. Bb4 c5 23. Bd2 Rfe8 24. Re4 Kh7 25. Rf1 f6 26. h4 Bc7 27. Rf5 Rf8
28. g5 fxg5 29. Rxf8 Rxf8 30. hxg5 Rf1+ 31. Re1 Rxe1+ 32. Bxe1 hxg5 33. Bg3 Kh6
34. Kd1 a5 35. Ke2 Kh5 36. Kf3 Kg6 37. c4 Kf5 38. a4 g6 39. b3 Bd6 40. Kf2 Ke6
41. Kf3 e4+ 42. dxe4 Bxg3 43. Kxg3 d3 44. Kf2 d2 45. Ke2 Ke5 46. Kxd2 Kd6 47.
Ke3 Ke5 48. Kf3 Ke6 49. Kg4 Ke5 50. Kxg5 Kxe4 51. Kxg6 Kd4 52. Kf6 Kc3 53. Ke5
Kxb3 54. Kd5 Kb4 55. Kc6 Kxc4 56. Kb6 Kb4 57. Kc6 c4 0-1

[Event "AUTO-INT-3451"]
[Site "http://www.queenalice.com/game.php?id=1578500"]
[Date "2019.7.25"]
[Round "1"]
[White "ktk"]
[Black "vangogh"]
[Result "1-0"]
[WhiteElo "1606"]
[BlackElo "1618"]

1. b4 e5 2. Bb2 Nc6 3. b5 Nd4 4. e3 Nf5 5. Bxe5 d6 6. Bb2 a6 7. Bd3 Qg5 8. Qf3
Nh4 9. Qg3 Bg4 10. f4 Qh5 11. h3 Bf5 12. Bxf5 Nxf5 13. Qf3 Qh4+ 14. Kd1 O-O-O
15. bxa6 bxa6 16. Ne2 Be7 17. g3 Qh6 18. e4 1-0

[Event "AUTO-ADV-4222"]
[Site "http://www.queenalice.com/game.php?id=1580852"]
[Date "2019.8.19"]
[Round "1"]
[White "Canaye"]
[Black "ktk"]
[Result "1-0"]
[WhiteElo "1886"]
[BlackElo "1658"]

1. d4 d5 2. c4 dxc4 3. e3 Nf6 4. Bxc4 c5 5. Ne2 Bg4 6. O-O Qc7 7. Nbc3 Nc6 8. h3
Bh5 9. Qc2 b6 10. d5 Nb4 11. Qd2 Rd8 12. e4 e6 13. e5 Qxe5 14. a3 exd5 15. Bb5+
Nd7 16. axb4 d4 17. Na4 cxb4 18. Nxd4 Bc5 19. Re1 1-0

[Event "AUTO-ADV-4222"]
[Site "http://www.queenalice.com/game.php?id=1580853"]
[Date "2019.8.19"]
[Round "1"]
[White "ktk"]
[Black "Canaye"]
[Result "1-0"]
[WhiteElo "1698"]
[BlackElo "1857"]

1. b4 e6 2. Bb2 d5 3. b5 c5 4. d4 c4 5. Nc3 Bb4 6. a3 Ba5 7. Nf3 Ne7 8. e3 Bd7
9. Be2 Bxb5 10. O-O O-O 11. Nxb5 a6 12. Nc3 Nd7 13. e4 Ng6 14. exd5 e5 15. Bxc4
Nb6 16. Qe2 Re8 17. Nxe5 f6 18. d6+ Nxc4 19. Qxc4+ Kh8 20. Nf7+ Kg8 21. Nxd8+
Kh8 22. Nf7+ Kg8 23. Rfe1 Rac8 24. Rxe8+ Rxe8 25. Kf1 Nf4 26. Nd8+ Kh8 27. Nxb7
Bb6 28. d7 Rb8 29. d5 Ng6 30. Qc6 1-0

[Event "AUTO-ADV-4222"]
[Site "http://www.queenalice.com/game.php?id=1580864"]
[Date "2019.8.19"]
[Round "1"]
[White "worldwide"]
[Black "ktk"]
[Result "1-0"]
[WhiteElo "1962"]
[BlackElo "1720"]

1. e4 c5 2. Bc4 Nc6 3. b3 Nf6 4. Qf3 e5 5. Bb2 d6 6. Nc3 Nd4 7. Qd1 Be7 8. Nge2
a6 9. Nd5 Nxe4 10. Nxe7 Qxe7 11. Nxd4 cxd4 12. Bd5 Nf6 13. Bf3 d5 14. O-O Bf5
15. Re1 Qc5 16. a4 Bxc2 17. Qc1 O-O 18. Ba3 1-0

[Event "AUTO-ADV-4222"]
[Site "http://www.queenalice.com/game.php?id=1580865"]
[Date "2019.8.19"]
[Round "1"]
[White "ktk"]
[Black "worldwide"]
[Result "1-0"]
[WhiteElo "1690"]
[BlackElo "1950"]

1. b4 a5 2. b5 c6 3. a4 cxb5 4. axb5 g6 5. Bb2 f6 6. e4 Nh6 7. Bc4 e6 8. c3 Bg7
9. Nf3 b6 10. O-O Bb7 11. Ba3 Bxe4 12. d4 Nf7 13. Re1 d5 14. Bd3 Bxd3 15. Qxd3
Qd7 16. Nbd2 Nd6 17. c4 O-O 18. cxd5 exd5 19. Rac1 Rd8 20. h3 Bf8 21. g4 Nxb5
22. Bb2 Nc6 23. Qxb5 Rac8 24. Qxb6 Nb4 25. Re3 Rb8 26. Qe6+ Qxe6 27. Rxe6 Nd3
28. Rc3 Nxb2 29. Rxf6 Bg7 30. Rf4 a4 31. Ra3 Rf8 32. Rxf8+ Bxf8 33. Ra2 Rb3 34.
Nxb3 1-0

[Event "AUTO-ADV-4222"]
[Site "http://www.queenalice.com/game.php?id=1580870"]
[Date "2019.8.19"]
[Round "1"]
[White "attib"]
[Black "ktk"]
[Result "0-1"]
[WhiteElo "1652"]
[BlackElo "1669"]

1. e4 c5 2. Nf3 Nf6 3. Nc3 d6 4. Bb5+ Bd7 5. d3 e5 6. Bg5 h6 7. Bh4 g5 8. Bg3
Bxb5 9. Nxb5 Nbd7 10. Nc3 Qa5 11. h3 d5 12. O-O d4 13. Nd5 g4 14. Nxe5 gxh3 15.
gxh3 Rg8 16. Nxd7 Nxd7 17. Kh2 Rc8 18. Qh5 Rg5 19. Qf3 Rg6 20. Rfe1 Bd6 21. Bxd6
Rxd6 22. Qg4 Rg6 23. Qf5 Qd2 24. Qh5 Qxf2+ 0-1

[Event "AUTO-ADV-4222"]
[Site "http://www.queenalice.com/game.php?id=1580871"]
[Date "2019.8.19"]
[Round "1"]
[White "ktk"]
[Black "attib"]
[Result "1-0"]
[WhiteElo "1684"]
[BlackElo "1637"]

1. b4 d5 2. Bb2 Nc6 3. e3 Nxb4 4. a3 Nc6 5. Bb5 a6 6. Bxc6+ bxc6 7. h3 Nf6 8.
Nf3 e6 9. O-O Ne4 10. d3 Nd6 11. Re1 Rb8 12. Be5 Nb5 13. a4 Bb4 14. c3 Nxc3 15.
Nxc3 a5 16. Bxg7 Rg8 17. Bd4 Qe7 18. e4 Ba6 19. Ne5 Bb7 20. Ng4 c5 21. Nf6+ Kf8
22. Nxh7+ Ke8 23. Nf6+ 1-0

[Event "AUTO-OPEN-4093"]
[Site "http://www.queenalice.com/game.php?id=1583326"]
[Date "2019.9.14"]
[Round "1"]
[White "ktk"]
[Black "Shizumaru_Hisame"]
[Result "0-1"]
[WhiteElo "1780"]
[BlackElo "1953"]

1. b4 e6 2. Bb2 Nf6 3. b5 Bc5 4. Nf3 Ne4 5. e3 O-O 6. Bd3 f5 7. O-O b6 8. Nd4
Bb7 9. Bxe4 Bxe4 10. f3 Bd5 11. Qe1 Be7 12. f4 Bf6 13. Nc3 Bb7 14. d3 Qe8 15.
Qe2 Be7 16. g4 Qg6 17. g5 h6 18. h4 hxg5 0-1

[Event "AUTO-OPEN-4093"]
[Site "http://www.queenalice.com/game.php?id=1583327"]
[Date "2019.9.14"]
[Round "1"]
[White "Shizumaru_Hisame"]
[Black "ktk"]
[Result "1-0"]
[WhiteElo "1947"]
[BlackElo "1780"]

1. e4 c5 2. Bc4 e5 3. d3 h6 4. Qf3 Nf6 5. Bd2 Nc6 6. Nc3 Nd4 7. Qd1 d6 8. Nge2
Bg4 9. f3 Bh5 10. Nxd4 cxd4 11. Nd5 a6 12. Bb4 b5 13. Nxf6+ Qxf6 14. Bd5 Be7 15.
Bxa8 O-O 16. Bb7 Qg6 17. Qd2 Bh4+ 18. Kd1 Bg5 19. Qe2 f5 20. g4 fxg4 21. fxg4
1-0

[Event "AUTO-OPEN-4093"]
[Site "http://www.queenalice.com/game.php?id=1583328"]
[Date "2019.9.14"]
[Round "1"]
[White "ktk"]
[Black "Rafale2000"]
[Result "0-1"]
[WhiteElo "1779"]
[BlackElo "2009"]

1. b4 a5 2. b5 c6 3. a4 cxb5 4. e4 b4 5. c4 d6 6. d4 Nc6 7. Ne2 Nf6 8. Nf4 Nxe4
9. Bd3 Nf6 10. Bb2 d5 11. cxd5 Nxd5 12. Qf3 e6 13. O-O Nxf4 14. Qxf4 Bd6 15. Qf3
Qh4 16. g3 Qh6 17. Bc4 O-O 18. d5 exd5 19. Bxd5 Bd7 20. Rd1 Rae8 21. Be4 Ne5 22.
Bxh7+ Qxh7 23. Bxe5 Bc6 0-1

[Event "AUTO-OPEN-4093"]
[Site "http://www.queenalice.com/game.php?id=1583329"]
[Date "2019.9.14"]
[Round "1"]
[White "Rafale2000"]
[Black "ktk"]
[Result "0-1"]
[WhiteElo "2046"]
[BlackElo "1752"]

1. e4 c5 2. Nf3 a6 3. d4 cxd4 4. Nxd4 e5 5. Nf5 Bc5 6. Nd6+ Bxd6 7. Qxd6 Nc6 8.
Bc4 Qh4 9. Nc3 Nf6 10. Nd5 Nxe4 11. Qa3 Qxf2+ 12. Kd1 Qd4+ 13. Qd3 Nf2+ 0-1

[Event "AUTO-OPEN-4093"]
[Site "http://www.queenalice.com/game.php?id=1583330"]
[Date "2019.9.14"]
[Round "1"]
[White "ktk"]
[Black "pomar"]
[Result "1-0"]
[WhiteElo "1726"]
[BlackElo "1984"]

1. b4 e6 2. Bb2 d5 3. b5 c6 4. a4 cxb5 5. axb5 Qb6 6. e3 Bd7 7. Bd4 Qd6 8. Nf3
Qb4 9. Nc3 Nf6 10. Ra4 Qd6 11. Bxf6 gxf6 12. Bd3 e5 13. e4 dxe4 14. Nxe4 Qe6 15.
O-O Bh6 16. Nc5 Qd5 17. Ne4 f5 18. Nf6+ 1-0

[Event "AUTO-OPEN-4093"]
[Site "http://www.queenalice.com/game.php?id=1583331"]
[Date "2019.9.14"]
[Round "1"]
[White "pomar"]
[Black "ktk"]
[Result "1-0"]
[WhiteElo "2070"]
[BlackElo "1728"]

1. f3 d5 2. Kf2 e5 3. e3 Nf6 4. c4 Bc5 5. cxd5 Nxd5 6. Qb3 Nf4 7. d4 Bxd4 8.
exd4 Qxd4+ 9. Be3 Qd6 10. Nc3 b6 11. Ne4 Qc6 12. Bb5 1-0

[Event "Challenge"]
[Site "http://www.queenalice.com/game.php?id=1584155"]
[Date "2019.9.20"]
[Round "-"]
[White "josebaron"]
[Black "ktk"]
[Result "1-0"]
[WhiteElo "1975"]
[BlackElo "1770"]

1. e4 c5 2. Bc4 Nc6 3. Nf3 e5 4. d3 d6 5. h3 Nf6 6. Nc3 Nd4 7. Nxd4 exd4 8. Ne2
Be7 9. O-O O-O 10. c3 Bd7 11. cxd4 Bc6 12. d5 Bd7 13. a4 Qa5 14. Bd2 Qc7 15. Bc3
a6 16. Ng3 b5 17. axb5 a5 18. f4 g6 19. f5 g5 20. Nh5 Ne8 21. Qg4 h6 22. h4 f6
23. hxg5 fxg5 24. Nf4 Bf6 25. Ne6 Bxe6 26. fxe6 a4 27. Bxf6 Nxf6 28. Qh3 Qg7 29.
Rf5 g4 30. Qg3 h5 31. Qxd6 1-0

[Event "AUTO-ADV-4236"]
[Site "http://www.queenalice.com/game.php?id=1584161"]
[Date "2019.9.21"]
[Round "1"]
[White "equus"]
[Black "ktk"]
[Result "0-1"]
[WhiteElo "1776"]
[BlackElo "1753"]

1. d4 d5 2. Bf4 Nc6 3. e3 a6 4. c3 Bf5 5. Bd3 Qd7 6. Bxf5 e6 7. Bd3 Be7 8. Nf3
Nf6 9. Nbd2 Bd6 10. Bg3 Bxg3 11. hxg3 O-O-O 12. a4 Ng4 13. Nh2 Nxh2 14. Rxh2 e5
15. f3 Rde8 16. Qc2 exd4 17. e4 Ne5 18. cxd4 Re6 19. dxe5 Rxe5 20. Kf2 g5 21. b4
Rhe8 22. a5 f5 23. Rh6 fxe4 24. fxe4 dxe4 25. Nxe4 Qd4+ 26. Kf3 Rf8+ 27. Kg4 Rf2
28. Qc1 Qxd3 29. Rxh7 Qxe4+ 0-1

[Event "AUTO-ADV-4236"]
[Site "http://www.queenalice.com/game.php?id=1584162"]
[Date "2019.9.21"]
[Round "1"]
[White "ktk"]
[Black "equus"]
[Result "1-0"]
[WhiteElo "1762"]
[BlackElo "1750"]

1. b4 e5 2. Bb2 Bxb4 3. Bxe5 Nf6 4. a3 Ba5 5. Nf3 d6 6. Bb2 O-O 7. e3 Bg4 8. Be2
Nbd7 9. h3 Bh5 10. O-O Re8 11. Bd3 Ne5 12. g4 Bg6 13. Bxg6 Nxg6 14. d3 b5 15.
Nd4 Qd7 16. g5 Nd5 17. e4 Ndf4 18. Nf5 Ne6 19. h4 Nxh4 20. Nxh4 g6 21. c4 c6 22.
f4 Bd8 23. Qg4 Nc5 24. f5 Nxd3 25. Bc3 Ne5 26. Bxe5 Rxe5 27. Nd2 a6 28. Ndf3
gxf5 29. exf5 Re7 30. Rad1 Bb6+ 31. Kh1 Rae8 32. Qg3 Bc5 33. g6 hxg6 34. fxg6
fxg6 35. cxb5 axb5 36. Nxg6 Rg7 37. Nfh4 Re3 38. Rf8+ 1-0

[Event "AUTO-ADV-4236"]
[Site "http://www.queenalice.com/game.php?id=1584178"]
[Date "2019.9.21"]
[Round "1"]
[White "ktk"]
[Black "agilulfo"]
[Result "0-1"]
[WhiteElo "1768"]
[BlackElo "1939"]

1. b4 Nf6 2. Bb2 e6 3. b5 g6 4. e4 Nxe4 5. Bxh8 f6 6. Bd3 Ng5 7. Nf3 Nxf3+ 8.
Qxf3 Kf7 9. Nc3 Ba3 10. Nb1 Bb2 0-1

[Event "AUTO-ADV-4236"]
[Site "http://www.queenalice.com/game.php?id=1584189"]
[Date "2019.9.21"]
[Round "1"]
[White "ktk"]
[Black "askasl159"]
[Result "1-0"]
[WhiteElo "1759"]
[BlackElo "1674"]

1. b4 d5 2. Bb2 a6 3. Nf3 Nc6 4. a3 e5 5. Nxe5 Nxe5 6. Bxe5 Bf5 7. e3 Nf6 8. Nc3
c6 9. Bd3 Bxd3 10. cxd3 Bd6 11. d4 Bxe5 12. dxe5 Ne4 13. Nxe4 dxe4 14. Qg4 O-O
15. Qxe4 Re8 16. f4 Qh4+ 17. g3 Qh6 18. h4 f6 19. e6 Re7 20. g4 f5 21. gxf5 Qf6
22. d4 h5 23. O-O-O a5 24. Qb1 axb4 25. Qxb4 Rc7 26. Qc5 g6 27. Rhg1 Kh8 28.
Rxg6 Qxh4 29. Qe5+ Kh7 30. Qxc7+ Kh8 31. Qg7# 1-0

[Event "AUTO-ADV-4236"]
[Site "http://www.queenalice.com/game.php?id=1584190"]
[Date "2019.9.21"]
[Round "1"]
[White "askasl159"]
[Black "ktk"]
[Result "1-0"]
[WhiteElo "1707"]
[BlackElo "1772"]

1. e4 c5 2. c3 Nc6 3. d4 e5 4. d5 Na5 5. Nf3 Nf6 6. Bd3 c4 7. Bc2 Bc5 8. b4
Bxf2+ 9. Kxf2 Ng4+ 10. Kf1 Nc6 11. h3 1-0